English verse between Chaucer and Surrey : being examples of conventional secular poetry, exclusive of romance, ballad, lyric, and drama, in the period from Henry the Fourth to Henry the Eighth /

Bibliographic Details
Main Author: Hammond, Eleanor Prescott, 1866-1933
Format: Book
Language:English
Published: New York : Octagon Books, 1965.
Subjects:

MARC

Tag First Indicator Second Indicator Subfields
LEADER 00000cam a22000001 4500
001 in00000023280
005 20151007064346.0
008 711108r19651927nyu b 00000 eng
010 |a  65025568  
035 |a (OCoLC)00351268 
035 |9 AAD9659AM 
040 |a DLC  |c DLC  |d TXA  |d UtOrBLW 
049 |a TXAM  |c [467680] 
050 0 0 |a PR1203  |b .H3 1965 
082 0 |a 821.2008 
092 |a 821.08  |b H225e, 1965 
100 1 |a Hammond, Eleanor Prescott,  |d 1866-1933. 
245 1 0 |a English verse between Chaucer and Surrey :  |b being examples of conventional secular poetry, exclusive of romance, ballad, lyric, and drama, in the period from Henry the Fourth to Henry the Eighth /  |c edited with introductions and notes. 
264 1 |a New York :  |b Octagon Books,  |c 1965. 
300 |a xii, 591 pages ;  |c 26 cm. 
336 |a text  |b txt  |2 rdacontent 
337 |a unmediated  |b n  |2 rdamedia 
338 |a volume  |b nc  |2 rdacarrier 
500 |a Reprint of the 1st edition published in 1927. 
504 |a "List of abbreviations and select reference list": pages 540-551. 
650 0 |a English poetry  |y Middle English, 1100-1500. 
999 |a MARS 
999 f f |s a69e80f6-907b-3964-89b6-8f52eed7065a  |i 777e72b8-4be1-3b6a-948b-ebade2f55f3f  |t 0 
952 f f |p normal  |a Texas A&M University  |b College Station  |c Sterling C. Evans Library  |d Evans: Library Stacks  |t 0  |e PR1203 .H3 1965  |h Library of Congress classification  |i unmediated -- volume  |m A14801291287 
998 f f |a PR1203 .H3 1965  |t 0  |l Evans: Library Stacks